100 Most Powerful Women - Statistics

General Stats
  • This quiz has been taken 68 times
    21 since last reset
  • The average score is 7 of 100
Answer Stats
Rank Answer Age Country/Territory Category % Correct
2 Kamala Harris 57 United States Politics & Policy
86%
5 Melinda French Gates 57 United States Philanthropy
71%
23 Oprah Winfrey 67 United States Media & Entertainment
50%
78 Taylor Swift 32 United States Media & Entertainment
50%
68 Rihanna 33 Barbados Media & Entertainment
43%
89 Lee Boo-jin 51 South Korea Business
36%
15 Nancy Pelosi 81 United States Politics & Policy
36%
70 Queen Elizabeth II 95 United Kingdom Politics & Policy
36%
9 Tsai Ing-wen 65 Taiwan Politics & Policy
36%
6 Abigail Johnson 60 United States Finance
29%
76 Beyoncé Knowles 40 United States Media & Entertainment
29%
44 Gina Rinehart 67 Australia Business
29%
50 Dana Walden 57 United States Media & Entertainment
14%
93 Julia Gillard 60 Australia -
14%
10 Julie Sweet 54 United States Business
14%
32 Laurene Powell Jobs 58 United States Philanthropy
14%
49 Lisa Su 52 United States Business
14%
85 Serena Williams 40 United States Media & Entertainment
14%
7 Ana Patricia Botín 61 Spain Finance
7%
90 Anne Wojcicki 48 United States Technology
7%
3 Christine Lagarde 65 France Finance
7%
34 Jacinda Ardern 41 New Zealand Politics & Policy
7%
73 Joey Wat 50 China Business
7%
95 Kirsten Green 50 United States Business
7%
69 Laura Cha - Hong Kong Finance
7%
1 MacKenzie Scott 51 United States Philanthropy
7%
82 Magdalena Andersson - Sweden Politics & Policy
7%
83 Sanna Marin 36 Finland Politics & Policy
7%
36 Sheryl Sandberg 52 United States Technology
7%
18 Susan Wojcicki 53 United States Technology
7%
61 Suzanne Scott - United States Media & Entertainment
7%
8 Ursula von der Leyen 63 Germany Politics & Policy
7%
41 Adena Friedman 52 United States Finance
0%
26 Amanda Blanc 54 United Kingdom Business
0%
28 Amy Hood 49 United States Technology
0%
63 Ann Sarnoff - United States Media & Entertainment
0%
80 Ava DuVernay 49 United States Media & Entertainment
0%
12 Carol Tomé 64 United States Business
0%
29 Catherine MacGregor - France Business
0%
53 Cathie Wood 66 United States Finance
0%
99 Christiana Figueres - Costa Rica Politics & Policy
0%
97 Chrystia Freeland - Canada Politics & Policy
0%
87 Dominique Senequier 68 France Finance
0%
58 Dong Mingzhu 67 China Business
0%
56 Donna Langley 53 United Kingdom Media & Entertainment
0%
60 Elvira Nabiullina 58 Russia Politics & Policy
0%
13 Emma Walmsley 52 United Kingdom Business
0%
88 Falguni Nayar 58 India Business
0%
100 Frances Haugen - United States Technology
0%
16 Gail Boudreaux 61 United States Business
0%
77 Güler Sabanci 66 Turkey Business
0%
38 Gwynne Shotwell 58 United States Technology
0%
57 Hana Al Rostamani - - Finance
0%
33 Ho Ching 68 Singapore Finance
0%
14 Jane Fraser 54 United States Finance
0%
39 Janet Yellen 75 United States -
0%
54 Jennifer Salke - United States Media & Entertainment
0%
35 Jessica Uhl 53 United States Business
0%
25 Judith McKenna 55 United Kingdom Business
0%
64 Judy Faulkner 78 United States Business
0%
11 Karen Lynch 58 United States Business
0%
40 Kathy Warden - United States Business
0%
72 Kiran Mazumdar-Shaw 68 India Business
0%
22 Kristalina Georgieva 68 Bulgaria Politics & Policy
0%
62 Lynn Good - United States Business
0%
42 Marianne Lake ,Jennifer Piepszak - United States Finance
0%
21 Martina Merz 58 Germany Business
0%
4 Mary Barra 60 United States Business
0%
47 Mary Callahan Erdoes 54 United States Finance
0%
84 Mary Meeker 62 United States Technology
0%
65 Melanie Kreis 50 Germany Business
0%
71 Mette Frederiksen 44 Denmark Politics & Policy
0%
98 Mo Abudu - Nigeria Media & Entertainment
0%
91 Ngozi Okonjo-Iweala 67 Nigeria Politics & Policy
0%
27 Nicke Widyawati 54 Indonesia Business
0%
37 Nirmala Sitharaman 62 India Politics & Policy
0%
48 Ozlem Tureci - Germany Business
0%
67 Paula Santilli - Mexico Business
0%
30 Phebe Novakovic 63 United States Business
0%
92 Raja Easa Al Gurg - United Arab Emirates Business
0%
74 Reese Witherspoon 45 United States Media & Entertainment
0%
96 Renuka Jagtiani - United Arab Emirates Business
0%
17 Rosalind Brewer 58 United States Business
0%
52 Roshni Nadar Malhotra 40 India Technology
0%
20 Ruth Porat 64 United States Technology
0%
19 Safra Catz 60 United States Technology
0%
94 Samia Suluhu Hassan - Tanzania Politics & Policy
0%
31 Shari Redstone 67 United States Media & Entertainment
0%
43 Sheikh Hasina Wajed 74 Bangladesh Politics & Policy
0%
24 Shemara Wikramanayake 59 Australia Business
0%
81 Solina Chau 59 Hong Kong Philanthropy
0%
66 Sri Mulyani Indrawati 59 Indonesia Politics & Policy
0%
45 Thasunda Brown Duckett - United States Finance
0%
55 Tokiko Shimizu 56 Japan -
0%
51 Tricia Griffith 57 United States Business
0%
46 Vicki Hollub 61 United States Business
0%
75 Wang Feng Ying - China Business
0%
59 Yuriko Koike 69 Japan Politics & Policy
0%
79 Zhou Qunfei - Hong Kong Technology
0%
86 Zuzana Caputova 48 Slovakia Politics & Policy
0%
No matching quizzes found
Score Distribution
Percent of People with Each Score
Percentile by Number Answered
Your Score History
You have not taken this quiz since the last reset